[Event "Troisdorf op"]
[Site "Troisdorf"]
[Date "2014.10.28"]
[Round "2"]
[White "Moews, Thomas"]
[Black "Queck, Reiner"]
[Result "1/2-1/2"]
[WhiteElo "1867"]
[BlackElo "1890"]
[PlyCount "173"]
[EventDate "2014.10.21"]
[EventType "swiss"]
[EventRounds "7"]
[EventCountry "GER"]
[SourceTitle "EXT 2016"]
[Source "ChessBase"]
[SourceDate "2015.10.08"]
[SourceVersion "1"]
[SourceVersionDate "2015.10.08"]
[SourceQuality "1"]

1. e4 Nc6 2. d4 d5 3. e5 Bf5 4. Nf3 a6 5. c4 e6 6. Bd3 Bg4 7. Be3 Nb4 8. Be2 dxc4 9. Bxc4 Bf5 10. Na3 c6 11. 0-0 Ne7 12. Nh4 Be4 13. f3 Bd5 14. Qd2 Ng6 15. Nxg6 hxg6 16. Bxd5 Nxd5 17. Bf2 Bxa3 18. bxa3 Qe7 19. Rab1 0-0 20. Rb3 b5 21. Rc1 Rfc8 22. Rc5 Nb6 23. Qb4 a5 24. Qe1 Na4 25. Rc2 Qd7 26. Rb1 Nb6 27. Rc5 Nd5 28. h3 b4 29. axb4 axb4 30. Rb2 Ra4 31. Qc1 Qb7 32. Qc4 Qa6 33. Be1 Qb6 34. Qc2 Rca8 35. Qf2 Ra3 36. Kh2 R8a6 37. Rc4 b3 38. Rxb3 Rxb3 39. axb3 Qxb3 40. Rc2 Qe3 41. Qxe3 Nxe3 42. Re2 Nd5 43. Rc2 Kh7 44. Kg3 Ne3 45. Rb2 g5 46. Bf2 Nf5+ 47. Kh2 Ra4 48. Rd2 Rc4 49. g4 Ne7 50. Kg3 Rc3 51. Rb2 Nd5 52. Be1 Rc4 53. Bf2 Kg6 54. Rb3 Nf4 55. Rb2 Nd5 56. Rb3 Rc3 57. Rxc3 Nxc3 58. Be3 f5 59. Bd2 Ne2+ 60. Kf2 Nxd4 61. Ke3 Nb5 62. Kd3 f4 63. Kc4 Kf7 64. Kc5 Ke7 65. Be1 Kd7 66. h4 gxh4 67. Bxh4 Nc7 68. Bg5 Nd5 69. Bh4 Ne3 70. Kd4 Ng2 71. Bf2 g5 72. Ke4 Ke7 73. Bc5+ Kf7 74. Bd6 Ne1 75. Bb4 Nc2 76. Bc3 Ne3 77. Bd4 Nd5 78. Kd3 Ke7 79. Bc5+ Kf7 80. Kc4 Ne7 81. Kd3 Ng6 82. Ke4 Nh4 83. Bd6 Ke8 84. Bc5 Ng6 85. Bf2 Kd7 86. Bc5 Ne7 87. Kd3 1/2-1/2

[Event "Mittelrhein Verbandsliga-O 1112"]
[Site "Germany"]
[Date "2012.04.15"]
[Round "9"]
[White "Klapp, Juergen"]
[Black "Queck, Reiner"]
[Result "1/2-1/2"]
[WhiteElo "1851"]
[BlackElo "1882"]
[PlyCount "111"]
[EventDate "2011.09.18"]
[EventType "team-tourn"]
[EventRounds "11"]
[EventCountry "GER"]
[SourceTitle "EXT 2013"]
[Source "ChessBase"]
[SourceDate "2012.11.22"]
[SourceVersion "1"]
[SourceVersionDate "2012.11.22"]
[SourceQuality "1"]
[WhiteTeam "Bruehl III"]
[BlackTeam "Hennef"]
[WhiteTeamCountry "GER"]
[BlackTeamCountry "GER"]

1. Nf3 d5 2. g3 Bf5 3. Bg2 Nc6 4. Nh4 Be6 5. d3 Qd7 6. h3 h6 7. f4 Nf6 8. g4 Qd6 9. Nf3 g6 10. e3 Bg7 11. c3 Bd7 12. d4 Ne4 13. Ne5 f5 14. Nxd7 Qxd7 15. Bf3 e6 16. Nd2 Nd6 17. Qe2 Na5 18. b3 Bf6 19. Qd3 Bh4+ 20. Kd1 Ne4 21. Nxe4 fxe4 22. Bxe4 dxe4 23. Qxe4 Rg8 24. Bd2 Qc6 25. Qxc6+ Nxc6 26. Kc2 0-0-0 27. Raf1 Be7 28. h4 Rdf8 29. g5 hxg5 30. hxg5 Rh8 31. Kd3 Nd8 32. Rfg1 Nf7 33. c4 Rxh1 34. Rxh1 Rh8 35. Rxh8+ Nxh8 36. Bc3 Nf7 37. b4 Kd7 38. a4 b6 39. Ke4 c5 40. b5 Nd6+ 41. Kd3 Nf5 42. Bb2 cxd4 43. exd4 Bb4 44. Bc1 Ng3 45. Be3 Be1 46. c5 Nf5 47. Bg1 Ne7 48. c6+ Kd6 49. Be3 Nd5 50. Bc1 Bf2 51. Ke4 Be1 52. Kd3 Bg3 53. Ke4 Be1 54. Kd3 Kc7 55. Ke4 Kd6 56. Kd3 1/2-1/2

[Event "Mittelrhein Verbandsliga-O 1112"]
[Site "Germany"]
[Date "2011.12.11"]
[Round "4"]
[White "Queck, Reiner"]
[Black "Schreiber, Jan"]
[Result "1-0"]
[WhiteElo "1882"]
[BlackElo "1874"]
[PlyCount "107"]
[EventDate "2011.09.18"]
[EventType "team-tourn"]
[EventRounds "11"]
[EventCountry "GER"]
[SourceTitle "EXT 2013"]
[Source "ChessBase"]
[SourceDate "2012.11.22"]
[SourceVersion "1"]
[SourceVersionDate "2012.11.22"]
[SourceQuality "1"]
[WhiteTeam "Hennef"]
[BlackTeam "Bonn Stadtverwaltung"]
[WhiteTeamCountry "GER"]
[BlackTeamCountry "GER"]

1. g4 e5 2. d3 Ne7 3. Nf3 Ng6 4. h4 Nc6 5. h5 Nge7 6. Nc3 d5 7. g5 Be6 8. Bg2 Qd7 9. e4 0-0-0 10. Nh4 Bg4 11. Qxg4 Qxg4 12. Bh3 Qxh3 13. Rxh3 dxe4 14. Nxe4 Nd4 15. Kd1 h6 16. gxh6 gxh6 17. c3 Ndf5 18. Nxf5 Nxf5 19. Ke2 Ng7 20. Nf6 Rd6 21. Ng4 Re6 22. Bd2 Be7 23. Rg1 Bg5 24. Nxh6 Bxd2 25. Kxd2 Rexh6 26. Rxg7 Rf6 27. Ke3 Kd7 28. h6 Ke6 29. h7 Rg6 30. Rxg6+ fxg6 31. Ke4 c6 32. d4 exd4 33. Kxd4 b6 34. b4 Kd6 35. Rh6 Kd7 36. Ke5 Ke7 37. f4 c5 38. bxc5 bxc5 39. f5 gxf5 40. Ra6 Kd7 41. Rxa7+ Kc6 42. Ra6+ Kb5 43. Rh6 f4 44. Kxf4 Kc4 45. Rh3 Kb5 46. Kg5 Ka4 47. Kg6 Ka3 48. Rh2 Rd8 49. h8Q Rxh8 50. Rxh8 Kxa2 51. Kf5 Kb3 52. Rc8 c4 53. Ke4 Kxc3 54. Kd5 1-0